000 00344nam a22001457a 4500
008 221121b ||||| |||| 00| 0 eng d
020 _a9781420045567
041 _aeng
080 _2SECOND EDITION
_a615
082 _a615STR
100 _a13
101 _aFARM
245 _aESSENTIALS LAW ETHICS PHARMACY
_cSTRANDBERG M K
942 _2udc
_cBK
999 _c58979
_d58979